Statistiken für Voc Medias In Res Lektion 38

Klicken Sie hier um das Quiz zu spielen!

Allgemein

  • Dieses Quiz wurde 4 mal gespielt
  • Das Durchschnittsergebnis liegt bei 4 aus 32

Antwortstatistiken

LateinDeutsch% Korrekt
liberfrei
100%
philosophusPhilosoph
75%
salutarebegrüßen
50%
fabulaErzählung, Geschichte
50%
pecuniaGeld
50%
initiumAnfang
25%
fabulafabulae, f
25%
pecuniapecuniae, f
25%
superbiasuperbiae, f
25%
conferrecontuli, collatum
0%
ne quis / ne quiddass nicht, dass niemand
0%
disputaredisputavi, disputatum
0%
explorareerforschen
0%
disputareerörtern, diskutieren
0%
explorareexploravi, exploratum
0%
ingeniumGeist, Talent
0%
haberehabui, habitum
0%
haberehalten für
0%
ingeniumingenii, n
0%
initiuminitii, n
0%
quisque / quidquejeder/s
0%
operaMühe
0%
operaoperae, f
0%
philosophusphilosophi, m
0%
salutaresalutavi, salutatum
0%
se conferresich begeben
0%
operam daresich bemühen
0%
tantusso groß
0%
superbiaStolz
0%
causawegen, um zu
0%
si quis / si quidwenn jemand, wenn etwas
0%
conferrezusammentragen, vergleichen
0%

Verteilung der Resultate

Perzentil nach korrekt beantworteten Fragen

Anzahl Personen mit jedem Resultat

Ihre Resultats-Entwicklung

Sie haben dieses Quiz noch nicht gespielt